Five Most Guessed Teams by League - Statistics

General Stats
  • This quiz has been taken 521 times
  • The average score is 25 of 45
Answer Stats
League Team % Correct
NBA Basketball Los Angeles Lakers
95%
Premier League Manchester United
81%
NBA Basketball Chicago Bulls
80%
La Liga Real Madrid
79%
La Liga Barcelona
78%
Premier League Manchester City
78%
Premier League Arsenal
77%
Premier League Chelsea
75%
Premier League Liverpool
75%
Bundesliga Bayern Munich
74%
NBA Basketball Boston Celtics
73%
MLB Baseball New York Yankees
72%
Serie A AC Milan
71%
NFL Football New England Patriots
70%
Serie A Juventus FC
69%
Bundesliga Borussia Dortmund
68%
NBA Basketball Golden State Warriors
68%
Serie A Inter Milan
68%
La Liga Atlético Madrid
64%
MLB Baseball Cincinnati Reds
64%
Serie A SSC Napoli
63%
Serie A AS Roma
61%
La Liga Athletic Bilbao /Sevilla
59%
MLB Baseball Boston Red Sox
59%
NBA Basketball Miami Heat
58%
NFL Football New York Giants
57%
NFL Football Dallas Cowboys
55%
NFL Football New York Jets
53%
La Liga Valencia
52%
NHL Hockey Montreal Canadiens /Pittsburgh Penguins
43%
MLB Baseball Chicago White Sox
42%
NFL Football Miami Dolphins
41%
Bundesliga Hamburger SV
40%
NHL Hockey Toronto Maple Leafs
40%
NHL Hockey New York Rangers
36%
NHL Hockey Boston Bruins
35%
MLB Baseball Athletics
34%
NHL Hockey Edmonton Oilers
34%
Bundesliga VfB Stuttgart
31%
AFL Football Brisbane Lions
29%
Bundesliga 1. FC Köln
25%
AFL Football Sydney Swans
19%
AFL Football Melbourne Demons
17%
AFL Football Adelaide Crows
16%
AFL Football Collingwood Magpies
5%
No matching quizzes found
Score Distribution
Percent of People with Each Score
Percentile by Number Answered
Your Score History
You have not taken this quiz